Cuộc sống và các thể chế ở Mỹ American Life and Institutions

Cuốn sách đưa ra một bức tranh toàn cảnh về xã hội, lịch sử,kinh tế, chính trị, thông tin, giao thông, môi trường và văn hóa của nước Mỹ.

Guardado en:
Detalles Bibliográficos
Autor principal: Douglas K Stevenson
Formato: Libro
Lenguaje:Undetermined
Publicado: Hà Nội Chính trị Quốc gia 2000
Materias:
U.S
Etiquetas: Agregar Etiqueta
Sin Etiquetas, Sea el primero en etiquetar este registro!
Thư viện lưu trữ: Trung tâm Học liệu Trường Đại học Cần Thơ
LEADER 00811nam a2200205Ia 4500
001 CTU_42592
008 210402s9999 xx 000 0 und d
082 |a 305.897 
082 |b S847 
100 |a Douglas K Stevenson 
245 0 |a Cuộc sống và các thể chế ở Mỹ 
245 0 |b American Life and Institutions 
245 0 |c Douglas K Stevenson 
260 |a Hà Nội 
260 |b Chính trị Quốc gia 
260 |c 2000 
520 |a Cuốn sách đưa ra một bức tranh toàn cảnh về xã hội, lịch sử,kinh tế, chính trị, thông tin, giao thông, môi trường và văn hóa của nước Mỹ. 
650 |a U.S 
904 |i Nguyễn Quang Điền, 010704 
980 |a Trung tâm Học liệu Trường Đại học Cần Thơ